Culture G - géographie/géopolitique/histoire - Statistiques

Statistiques générales
  • Ce quiz a été pris 462 fois
  • Le résultat moyen est 9 sur 15
Statistiques - réponses
Hint Réponse % Correct
Date de chute du mure de Berlin (année) 1989
95%
Pays ayant obtenu son indépendance vis à vis du Soudan en 2011 Soudan du sud
87%
Capitale de l'Indonésie Jakarta
84%
Région d'Ukraine annexée par la Russie, le 16 mars 2014 Crimée
82%
Lieu d'éxil de Napoléon Ier, situé à l'ouest des côtes africaines Saint-Héléne
75%
Date de la crise de Cuba durant la guerre froide (année) 1962
73%
Lieu de naissance de Napoléon Ier Corse
73%
Ancien pays regroupant les actuelles Tchéquie et Slovaquie Tchécoslovaquie
68%
Ancien nom de l'Eswatini Swaziland
65%
Date de chute de l'empire de Russie 1917
61%
Langue germanique issue du néerlandais parlée en partie en Afrique du sud Afrikaans
44%
Date de création des départements français 1790
33%
Date de début et de fin de la guerre froide (années) 1947-1991
32%
Dictateur actuel en Biélorussie (nom de famille) Loukachenko
29%
Capitale du Myanmar (Birmanie) AVANT 2005 Rangoun
26%
Aucun quiz correspondant
Distribution des résultats
% des personnes avec chaque résultat
Percentile par nombre de réponses
Votre historique - résultats
Vous n’avez pas pris ce quiz